[Event "Liberec op 22nd"]
[Site "Liberec"]
[Date "2023.02.26"]
[Round "4"]
[White "Bruna, Matous"]
[Black "Saglam, Karl Heinz"]
[Result "0-1"]
[WhiteElo "1867"]
[BlackElo "2115"]
[PlyCount "120"]
[EventDate "2023.02.24"]
[EventType "swiss"]
[EventRounds "9"]
[EventCountry "CZE"]
[SourceTitle "CBM 213 Extra"]
[Source "ChessBase"]
[SourceDate "2023.05.31"]
[SourceVersion "1"]
[SourceVersionDate "2023.05.31"]
[SourceQuality "1"]

1. e4 c5 2. Nc3 g6 3. g3 Bg7 4. Bg2 d6 5. d3 Nc6 6. Be3 Nd4 7. Qd2 Qa5 8. h3 Be6 9. f4 h5 10. Nf3 Nxf3+ 11. Bxf3 Bd4 12. Nd1 Qa4 13. c3 Bxe3 14. Nxe3 Qd7 15. Bg2 Nf6 16. Qf2 Qb5 17. c4 Qb4+ 18. Qd2 Qxd2+ 19. Kxd2 h4 20. g4 g5 21. Rhf1 gxf4 22. Rxf4 Nd7 23. Nf5 Rh7 24. g5 Ne5 25. Nxh4 Rh5 26. Nf5 Rxg5 27. Rf2 Bxf5 28. exf5 Rg3 29. Be4 Rxh3 30. Rg1 0-0-0 31. Rg7 Rdh8 32. Rfg2 Rh2 33. Rxh2 Rxh2+ 34. Kc3 Rh8 35. Bd5 Rf8 36. d4 cxd4+ 37. Kxd4 b6 38. b4 Kc7 39. Rh7 Kd7 40. c5 bxc5+ 41. bxc5 Nc6+ 42. Kc4 dxc5 43. Kxc5 Ne5 44. Kd4 Kd6 45. Rh6+ f6 46. Be6 Rb8 47. Rh3 Rb4+ 48. Kc3 Rf4 49. Rh8 Rf3+ 50. Kc2 Nc6 51. Kb2 a5 52. Ra8 Re3 53. Ra6 Re5 54. Ra8 Kc5 55. Rc8 Kb6 56. Kc3 Rc5+ 57. Kb2 Nd4 58. Rb8+ Kc7 59. Rc8+ Kd6 60. Rd8+ Ke5 0-1

[Event "Liberec Region-chT 2223"]
[Site "Czech Republic"]
[Date "2023.01.29"]
[Round "7.8"]
[White "Jakubu, Milan"]
[Black "Bruna, Matous"]
[Result "1/2-1/2"]
[WhiteElo "1771"]
[BlackElo "1875"]
[PlyCount "35"]
[EventDate "2022.10.09"]
[EventType "team-tourn"]
[EventRounds "11"]
[EventCountry "CZE"]
[SourceTitle "EXT 2024"]
[Source "ChessBase"]
[SourceDate "2023.10.10"]
[SourceVersion "1"]
[SourceVersionDate "2023.10.10"]
[SourceQuality "1"]

1. Nf3 Nf6 2. d4 d5 3. c4 e6 4. Bg5 Be7 5. e3 c6 6. Bd3 dxc4 7. Bxc4 b5 8. Bd3 a6 9. 0-0 Bb7 10. Nc3 Nbd7 11. Rc1 Rc8 12. Qe2 c5 13. dxc5 Nxc5 14. Bb1 0-0 15. Rfd1 Qa5 16. a3 b4 17. axb4 Qxb4 18. Rd4 1/2-1/2

[Event "CZE-chT2C 2223"]
[Site "Czech Republic"]
[Date "2022.10.16"]
[Round "1.8"]
[White "Novak, Ivan1111"]
[Black "Bruna, Matous"]
[Result "0-1"]
[WhiteElo "1835"]
[BlackElo "1826"]
[PlyCount "54"]
[EventDate "2022.10.16"]
[EventType "team-tourn"]
[EventRounds "11"]
[EventCountry "CZE"]
[SourceTitle "EXT 2024"]
[Source "ChessBase"]
[SourceDate "2023.10.10"]
[SourceVersion "1"]
[SourceVersionDate "2023.10.10"]
[SourceQuality "1"]
[WhiteTeam "Mlada Boleslav"]
[BlackTeam "Liberec"]
[WhiteTeamCountry "CZE"]
[BlackTeamCountry "CZE"]

1. c4 e5 2. g3 Nf6 3. Bg2 d5 4. cxd5 Nxd5 5. Nc3 Nb6 6. Nf3 Nc6 7. d3 Be7 8. 0-0 0-0 9. a3 a5 10. b3 Be6 11. e3 Qd7 12. Qc2 f5 13. Bb2 Bf6 14. Rad1 Rad8 15. Ne2 Qf7 16. Nd2 Nd5 17. Nc3 Nxc3 18. Bxc3 Bd5 19. f3 Qe7 20. Bb2 f4 21. gxf4 exf4 22. e4 Be6 23. Nc4 Qc5+ 24. Kh1 b5 25. Bxf6 Rxf6 26. b4 axb4 27. axb4 Nxb4 0-1

[Event "CZE-chT U18 Extraliga final-A 1718"]
[Site "Czech Republic"]
[Date "2018.04.20"]
[Round "8.5"]
[White "Jares, Michal"]
[Black "Bruna, Matous"]
[Result "1-0"]
[WhiteElo "1965"]
[BlackElo "1400"]
[PlyCount "53"]
[EventDate "2017.10.07"]
[EventType "team-tourn"]
[EventRounds "11"]
[EventCountry "CZE"]
[SourceTitle "EXT 2023"]
[Source "ChessBase"]
[SourceDate "2022.10.05"]
[SourceVersion "1"]
[SourceVersionDate "2022.10.05"]
[SourceQuality "1"]
[WhiteTeam "Polabiny (U18)"]
[BlackTeam "Liberec Desko (U18)"]
[WhiteTeamCountry "CZE"]
[BlackTeamCountry "CZE"]

1. d4 d5 2. Nf3 Nf6 3. g3 g6 4. Bg2 Bg7 5. 0-0 0-0 6. c4 c6 7. Nc3 Nbd7 8. Bf4 Re8 9. cxd5 Nxd5 10. e4 Nxf4 11. gxf4 e6 12. e5 Nb6 13. Ne4 Qc7 14. Nd6 Rd8 15. Rc1 a6 16. Ng5 Rf8 17. Qb3 h6 18. Nge4 Nd5 19. Qg3 Bd7 20. Bf3 Kh7 21. Kh1 Ne7 22. Rg1 Nf5 23. Nxf5 exf5 24. Nd6 Qb6 25. Bh5 Be6 26. Bxg6+ Kh8 27. Bxf7 1-0

[Event "Liberec op 18th"]
[Site "Liberec"]
[Date "2018.02.27"]
[Round "5"]
[White "Bruna, Matous"]
[Black "Hlavina, Matous"]
[Result "0-1"]
[WhiteElo "1397"]
[BlackElo "1820"]
[PlyCount "58"]
[EventDate "2018.02.24"]
[EventType "swiss"]
[EventRounds "9"]
[EventCountry "CZE"]
[SourceTitle "CBM 183 Extra"]
[Source "ChessBase"]
[SourceDate "2018.04.19"]
[SourceVersion "1"]
[SourceVersionDate "2018.04.19"]
[SourceQuality "1"]

1. e4 e6 2. d4 d5 3. exd5 exd5 4. Bd3 c5 5. c3 Nf6 6. Nf3 Bd6 7. 0-0 0-0 8. h3 Nc6 9. Be3 b6 10. Qc2 c4 11. Be2 Ne7 12. Nbd2 Bf5 13. Qd1 Ng6 14. Re1 Re8 15. Bg5 h6 16. Bxf6 Qxf6 17. Nf1 Nf4 18. Ne3 Bxh3 19. g3 Nxe2+ 20. Qxe2 Qd8 21. Qd2 Bd7 22. Nh4 Qg5 23. Rad1 Re4 24. Nf3 Qh5 25. Qe2 Bg4 26. Kg2 Qh3+ 27. Kg1 Bf4 28. b3 Bxe3 29. fxe3 Qxg3+ 0-1

[Event "CZE-chT U18 Extraliga West 1718"]
[Site "Czech Republic"]
[Date "2017.10.08"]
[Round "3.5"]
[White "Bruna, Matous"]
[Black "Stinka, Jakub"]
[Result "0-1"]
[WhiteElo "1400"]
[BlackElo "2106"]
[PlyCount "66"]
[EventDate "2017.10.07"]
[EventType "team-tourn"]
[EventRounds "11"]
[EventCountry "CZE"]
[SourceTitle "EXT 2023"]
[Source "ChessBase"]
[SourceDate "2022.10.05"]
[SourceVersion "1"]
[SourceVersionDate "2022.10.05"]
[SourceQuality "1"]
[WhiteTeam "Liberec Desko (U18)"]
[BlackTeam "Klatovy (U18)"]
[WhiteTeamCountry "CZE"]
[BlackTeamCountry "CZE"]

1. e4 c5 2. c3 d5 3. exd5 Qxd5 4. d4 e5 5. dxe5 Qxd1+ 6. Kxd1 Nc6 7. f4 Bf5 8. Be3 0-0-0+ 9. Nd2 f6 10. Bb5 fxe5 11. Bxc6 exf4 12. Bxb7+ Kxb7 13. Bxf4 Nf6 14. Ngf3 Be7 15. Ke2 Rhe8 16. Kf2 h6 17. h3 g5 18. Bh2 g4 19. hxg4 Nxg4+ 20. Kg1 c4 21. Nd4 Bc5 22. Bf4 Bd3 23. N2f3 Re4 24. Bxh6 Rdxd4 25. cxd4 Rxd4 26. Rh4 Rd6+ 27. Kh1 Nxh6 28. Re1 Nf5 29. Rh3 Rb6 30. Re5 Bd6 31. Rd5 Rxb2 32. Rh5 Rb1+ 33. Ng1 Ng3+ 0-1

[Event "CZE-chT U18 Extraliga West 1718"]
[Site "Czech Republic"]
[Date "2017.10.07"]
[Round "1.5"]
[White "Bruna, Matous"]
[Black "Hlavina, Matous"]
[Result "0-1"]
[WhiteElo "1400"]
[BlackElo "1780"]
[PlyCount "94"]
[EventDate "2017.10.07"]
[EventType "team-tourn"]
[EventRounds "11"]
[EventCountry "CZE"]
[SourceTitle "EXT 2023"]
[Source "ChessBase"]
[SourceDate "2022.10.05"]
[SourceVersion "1"]
[SourceVersionDate "2022.10.05"]
[SourceQuality "1"]
[WhiteTeam "Liberec Desko (U18)"]
[BlackTeam "Karlovy Vary (U18)"]
[WhiteTeamCountry "CZE"]
[BlackTeamCountry "CZE"]

1. e4 e6 2. d4 d5 3. Nc3 Nf6 4. e5 Nfd7 5. f4 c5 6. Nf3 Nc6 7. Be3 Be7 8. Be2 0-0 9. 0-0 a6 10. Na4 cxd4 11. Nxd4 Nxd4 12. Bxd4 b5 13. Nc3 Bc5 14. Bxc5 Nxc5 15. Qd4 Qb6 16. b4 Na4 17. Qxb6 Nxb6 18. a4 d4 19. Ne4 Nxa4 20. Nd6 Bd7 21. Bf3 Ra7 22. Rad1 Nb6 23. Rxd4 Nc4 24. Nxc4 bxc4 25. c3 Bb5 26. Rfd1 a5 27. Be2 axb4 28. cxb4 Ra4 29. Bxc4 Rxb4 30. Bxb5 Rxb5 31. Rd8 Rb8 32. Rxf8+ Kxf8 33. g3 Ke7 34. Rd2 Rd8 35. Rxd8 Kxd8 36. Kf2 Kd7 37. Ke3 Kc6 38. Ke4 Kc5 39. g4 Kc4 40. h4 Kc5 41. h5 Kc4 42. f5 Kc5 43. g5 g6 44. fxg6 fxg6 45. hxg6 hxg6 46. Kf3 Kd5 47. Kf4 Kd4 0-1

[Event "CZE-chT U18 Extraliga West 1718"]
[Site "Czech Republic"]
[Date "2017.10.07"]
[Round "2.5"]
[White "Skypala, Ondrej"]
[Black "Bruna, Matous"]
[Result "1-0"]
[WhiteElo "1700"]
[BlackElo "1400"]
[PlyCount "97"]
[EventDate "2017.10.07"]
[EventType "team-tourn"]
[EventRounds "11"]
[EventCountry "CZE"]
[SourceTitle "EXT 2023"]
[Source "ChessBase"]
[SourceDate "2022.10.05"]
[SourceVersion "1"]
[SourceVersionDate "2022.10.05"]
[SourceQuality "1"]
[WhiteTeam "Praha Kobylisy (U18)"]
[BlackTeam "Liberec Desko (U18)"]
[WhiteTeamCountry "CZE"]
[BlackTeamCountry "CZE"]

1. e4 c5 2. Nf3 d6 3. d4 cxd4 4. Nxd4 Nf6 5. Nc3 g6 6. Be3 Bg7 7. f3 0-0 8. Qd2 Bd7 9. 0-0-0 Nc6 10. Bc4 Re8 11. h4 a6 12. h5 Nxh5 13. g4 Nf6 14. Bh6 Bh8 15. Nxc6 Bxc6 16. Qg2 b5 17. Bd5 Bxd5 18. Nxd5 Nxd5 19. exd5 Qa5 20. Bd2 Qxa2 21. c3 b4 22. Qh2 h5 23. gxh5 b3 24. Be3 Qa1+ 25. Kd2 Qxb2+ 26. Kd3 Qxh2 27. Rxh2 Rec8 28. hxg6 Rxc3+ 29. Ke4 fxg6 30. Rxh8+ Kxh8 31. Bd4+ Kg8 32. Bxc3 Kf7 33. Rh1 Ra7 34. Rh7+ Ke8 35. Rh8+ Kd7 36. Ba5 e5 37. Rh7+ Kc8 38. Rh8+ Kb7 39. Kd3 Ra8 40. Rh7+ Kc8 41. Rc7+ Kb8 42. Rc6 Ra7 43. Rxd6 Rb7 44. Rb6 Rxb6 45. Bxb6 Kb7 46. Ba5 Kc8 47. Kc3 Kd7 48. Kxb3 Kd6 49. Kc4 1-0